Advanced Materials XI : (Record no. 610566)
[ view plain ]
| 000 -LEADER | |
|---|---|
| fixed length control field | 00521nam a22001337a 4500 |
| 020 ## - INTERNATIONAL STANDARD BOOK NUMBER | |
| International Standard Book Number | 9780878492688 |
| 082 ## - DEWEY DECIMAL CLASSIFICATION NUMBER | |
| Classification number | 620.11 |
| Author Mark | SHA |
| 100 ## - MAIN ENTRY--PERSONAL NAME | |
| Personal name | Khan, Shaheed |
| 245 ## - TITLE STATEMENT | |
| Title | Advanced Materials XI : |
| Remainder of title | selected, peer reviewed papers from the 11th International Symposium on Advanced Materials, 08-12 August, 2009, Islamabad, Pakistan / |
| Statement of responsibility, etc. | Shaheed Khan |
| 260 ## - PUBLICATION, DISTRIBUTION, ETC. | |
| Place of publication, distribution, etc. | Switzerland , |
| Name of publisher, distributor, etc. | Trans Tech Pub , |
| Date of publication, distribution, etc. | 2010. |
| 300 ## - PHYSICAL DESCRIPTION | |
| Extent | x, 468p. |
| Other physical details | Paperback |
| Dimensions | 24cm. |
| 700 ## - ADDED ENTRY--PERSONAL NAME | |
| Personal name | Iftikhar us Salam & Karim Ahmed |
| 942 ## - ADDED ENTRY ELEMENTS (KOHA) | |
| Source of classification or shelving scheme | |
| Koha item type | Book |
| 700 ## - ADDED ENTRY--PERSONAL NAME | |
| -- | 124775 |
| Withdrawn status | Lost status | Source of classification or shelving scheme | Damaged status | Not for loan | Permanent Location | Current Location | Shelving location | Date acquired | Total Checkouts | Full call number | Barcode | Date last seen | Price effective from | Koha item type |
|---|---|---|---|---|---|---|---|---|---|---|---|---|---|---|
| School of Mechanical & Manufacturing Engineering (SMME) | School of Mechanical & Manufacturing Engineering (SMME) | General Stacks | 07/24/2024 | 620.11 SHA | SMME-3598 | 07/24/2024 | 07/24/2024 | Book |
